000 01368cam a22003854i 4500
003 PE-LiUPU
005 20250731184102.0
008 150623s r 000 0 d
020 _a0800716256
035 _a(Sirsi) i9780800716257
040 _aPE-LiUPU
_bspa
_cPE-LiUPU
_erda
049 _aPRUA
082 0 4 _a808.815
_bR53P
_221
100 1 _aRice, Helen Steiner,
_eautor.
245 1 0 _aPathways /
_cHelen Steiner Rice.
250 _b
264 1 _aCarmel, New York :
_bGuideposts Edition,
_c1989.
300 _a96 páginas :
_bilustraciones, gráficos ;
_c21 centímetros
336 _atext
_2rdacontent
337 _aunmediated
_2rdamedia
338 _avolume
_2rdacarrier
505 0 _aHope. Peace. Prayer. Commitment. Friendship. Faith. Thankfulnes.
526 _aP145
526 _aP127
526 _aP97
526 _aP14
526 _aP07
650 0 4 _aPoesía religiosa
_zEstados Unidos.
942 _2ddc
_cBOOK
949 _a808.815 R53P
_wDEWEY
_c1
_i51032
_lCCODEBUL1
_mBUL
_p7.00
_r0
_sY
_tBOOK
_u2015-6-24
_xTEOLOGIA
_PP35
_0COMPRA
_o.STAFF. Colección General
994 _aC0
_bPEPRU
596 _a1
999 _a808.815 R53P
_wDEWEY
_c32720
_i51032
_f2021-11-5
_g5
_lCCODEBUL1
_mBUL
_p7.00
_r0
_sY
_tBOOK
_u2015-6-24
_xBIBLIOTECA
_PP35
_0COMPRA
_o.STAFF. Colección General
_d32720
980 _81
_gALBERTO SANCHEZ Responsable de Automatización